00000000nas 2200000zi 4500
0019.902021
003CaOODSP
00520250129135649
006m     o  d f      
007cr |||||||||||
008210726d19771979oncqr p o    f0###b0fre|d
022 |z0384-9767
040 |aCaOODSP|bfre|erda|cCaOODSP
043 |an-cn---
0861 |aIC41-1F-PDF
24500|aTitres choisis publié par les ministères et agences du gouvernement du Canada.
24634|aTitres choisis. Publications du gouvernement du Canada
264 1|a[Ottawa] : |bApprovisionnements et Services Canada = Supply and Services Canada, |c[1977-1979]
310 |aTrimestriel
336 |atexte|btxt|2rdacontent/fre
337 |ainformatique|bc|2rdamedia/fre
338 |aressource en ligne|bcr|2rdacarrier/fre
3621 |aParaît depuis : Printemps 1977; ne paraît plus après : Hiver 1979.
500 |aPublié aussi en anglais sous le titre : Selected titles published by Government of Canada departments and agencies.
500 |a«Distribués par le Centre d'édition, Approvisionnement et services Canada.»
500 |aÉdition numérisée de l'imprimée [par Direction des publications du gouvernement du Canada].
588 |aDescription d'après: Printemps 1977.
588 |aDernière parution consultée : Hiver 1979.
650 6|aPublications officielles|zCanada|xBibliographie|vPériodiques.
655 7|aPériodiques|2rvmgf
7102 |aCentre d'édition du gouvernement du Canada, |eorganisme de publication.
7101 |aCanada. |bApprovisionnements et services Canada, |eorganisme de publication.
77508|tSelected titles published by Government of Canada departments and agencies.|w(CaOODSP)9.902009
78000|tTitres choisis publié par les ministères et agences du gouvernement du Canada et par certaines organizations internationales.|w(CaOODSP)9.944720